000 00542nam a2200205 i 4500
001 bg
245 0 0 _aDylematy wolności /
_cpod red. Marii Reut.
260 _aWrocław :
_bOficyna Wydawnicza Politechniki Wrocławskiej,
_c2001.
300 _a259 s. ;
_c24 cm.
650 9 _aWolność
_xfilozofia
655 _aSzkice literackie
700 1 _aREUT, Maria.
_eRed.
020 _a8370855717
040 _cBPK
041 0 _apl
080 _a122/129
920 _a83-7085-571-7
942 _cKS
008 s pl f |000 0 pol
999 _c40606
_d40606
856 _uhttp://koha.tu.koszalin.pl/cgi-bin/koha/opac-detail.pl?biblionumber=40606
_yKatalog online BPK